000 00929nam a2200277 a 4500
001 46060
003 BD-RjUL
005 20211209054113.0
008 500101s19681967enk 001 0 eng d
035 _a(BD-RjUL) 46178
040 _aBD-RjUL
_beng
_cBD-RjUL
_dBD-RjUL
041 _aeng
082 _a342.4102
_223
_bMAS 1968
100 1 _aMarshall, Geoffrey.
_9140795
245 1 0 _aSome problems of the constitution /
_cGeoffrey Marshall & Graeme C. Moodie
250 _a4th rev. ed
260 _aLondon :
_bHutchinson,
_c1967 [Reprinted 1968]
300 _a172 p. ;
_c 22 cm.
490 1 _aHutchinson university library. Politics
500 _aPrevious ed.1964, 2nd ed.(B61-7105) 1961
650 0 _aMinisterial responsibility
_zGreat Britain
_9140796
650 0 _aConstitutional law
_zGreat Britain
_9140797
700 1 _aMoodie, Graeme C.
_9127959
830 0 _aHutchinson university library.
_9140800
942 _2ddc
_cBK
999 _c46060
_d46060